Preaching unashamed. (Record no. 11541)

000 -LEADER
fixed length control field 00643nam a2200193 a 4500
001 - CONTROL NUMBER
control field :::00009340$&:&@@
003 - CONTROL NUMBER IDENTIFIER
control field OkBaRHE
005 - DATE AND TIME OF LATEST TRANSACTION
control field 20000607103350.0
008 - FIXED-LENGTH DATA ELEMENTS--GENERAL INFORMATION
fixed length control field s1949 j 000 0 eng u
040 ## - CATALOGING SOURCE
Transcribing agency
100 1# - MAIN ENTRY--PERSONAL NAME
Personal name Sizoo, Joseph Richard, 1884-
245 10 - TITLE STATEMENT
Title Preaching unashamed.
260 ## - PUBLICATION, DISTRIBUTION, ETC. (IMPRINT)
Place of publication, distribution, etc New York, NY., :
Name of publisher, distributor, etc Abingdon-Cokesbury Press
Date of publication, distribution, etc c1949
300 ## - PHYSICAL DESCRIPTION
Extent 132 p. ;
Dimensions 19 cm.
650 ## - SUBJECT ADDED ENTRY--TOPICAL TERM
Topical term or geographic name as entry element Preaching
942 ## - ADDED ENTRY ELEMENTS (KOHA)
Source of classification or shelving scheme
Koha item type Books
Copies
Price effective from Lost status Koha item type Withdrawn status Permanent Location Damaged status Date last seen Copy number Barcode Shelving location Date acquired Not for loan Source of classification or shelving scheme Full call number
2010-04-14 Books RHEMA Bible Training College 2010-04-1419340General Stacks2010-04-14  BV 4211 .S52
2010-04-14 Books RHEMA Bible Training College 2010-04-14220647General Stacks2010-04-14  BV 4211 .S52